01380nam a22003617a 4500003000500000005001700005008004100022010000900063011000900072035000900081040000900090090001000099100003500109245017300144260004000317300001100357500001100368502009900379590003700478590004100515590004100556590004100597590004200638650002100680650004200701650004300743650003200786901000700818942001000825949004100835999001500876952012700891CHAP20220329133440.0971013s1992 r 00010 d a6520 a7492 a6715 cCHAP aTesis00aEspino Chaparro, Celso.937876 aEvaluación financiera del sorgo Sorghum vulgare bajo el sistema de labranza tradicional y de conservación en las comunidades de la Bolsa y Santa María, Guanajuato aChapingo, Méx. :bEl autor,c1992 a101 h. a62-163 aTesis (Ing. Agr. Esp. en Economía Agrícola) -- UACH. Departamento de Economía Agrícola aALEPHb10c20130110lUCH01h1219 aBATCH-UPDb10c20130110lUCH01h1243 aBATCH-UPDb10c20130410lUCH01h0808 aBATCH-UPDb10c20130914lUCH01h1627 aCONVERSIONb10c20130109lUCH01h130514aLabranza.96430314aSorgoxAspectos económicos.910862914aSorgoxCostos de producción.910864114aSorgoxRendimiento.9108714 aBK cTESIS bBCcTESd-16325eTS1h25179i6715si c6520d6520 00102local4051708TESISaBCbBCcPA_TESISd2019-12-31fTESISl0oTesisp-16325r2019-12-31 00:00:00w2019-12-31yTESIS